[Event "Michigan Open Reserve"]
[Site "Lansing, MI"]
[Date "2001.09.01"]
[Round "1.25"]
[White "Biondo, Anthony"]
[Black "Wright, Eric"]
[Result "1-0"]
[WhiteElo "1672"]
[BlackElo "1448"]
[PlyCount "96"]
[EventDate "2001.08.31"]

1. e4 d6 2. Nc3 Nf6 3. d4 e5 4. dxe5 dxe5 5. Qxd8+ Kxd8 6. Nf3 Bd6 7. Bc4 Be6
8. Bxe6 fxe6 9. Bg5 Ke7 10. O-O-O Nbd7 11. Nd2 h6 12. Bh4 g5 13. Bg3 Nh5 14.
Nc4 Nxg3 15. hxg3 a6 16. Rd2 Bb4 17. Rhd1 Rhd8 18. f3 b5 19. Ne3 Bxc3 20. bxc3
Nf6 21. Rh1 h5 22. Nd1 Rxd2 23. Kxd2 Rh8 24. Nf2 Rh7 25. Nd3 Kd6 26. Ke3 c5 27.
Rd1 Nd7 28. c4 Kc6 29. cxb5+ axb5 30. f4 gxf4+ 31. gxf4 exf4+ 32. Nxf4 e5 33.
Ne2 Nf6 34. Ng3 h4 35. Nf5 Ne8 36. Rh1 Nd6 37. Nxh4 Ra7 38. Ra1 Nf7 39. Nf3 Kd6
40. Nd2 Ng5 41. c4 Ra3+ 42. Ke2 b4 43. Kf2 Nxe4+ 44. Nxe4+ Ke6 45. Nxc5+ Ke7
46. g3 Kd6 47. Ne4+ Kc6 48. Kg2 b3 {White won on Time.} 1-0

[Event "Michigan Open Reserve"]
[Site "Lansing, MI"]
[Date "2001.09.01"]
[Round "3.10"]
[White "Biondo, Anthony"]
[Black "Mose, Greg"]
[Result "1-0"]
[WhiteElo "1672"]
[BlackElo "1500"]
[PlyCount "137"]
[EventDate "2001.08.31"]

1. e4 c5 2. Nc3 e6 3. g3 Nc6 4. Bg2 Nf6 5. d3 d6 6. Nge2 Be7 7. f4 Bd7 8. O-O
Rb8 9. h3 b5 10. Be3 e5 11. f5 Nd4 12. g4 b4 13. Nb1 h6 14. Nd2 Bc6 15. Nc4 Qc7
16. Bf2 d5 17. exd5 Nxd5 18. Nxd4 cxd4 19. Bg3 f6 20. Be4 Ne3 21. Bxc6+ Qxc6
22. Nxe3 dxe3 23. Qe2 Rc8 24. Rfc1 O-O 25. Qg2 Qxg2+ 26. Kxg2 Bc5 27. Kf3 Bd4
28. Rab1 a5 29. Be1 Rfd8 30. Ke2 Kf7 31. c3 Bb6 32. cxb4 axb4 33. Bxb4 g6 34.
fxg6+ Kxg6 35. Rc4 Ra8 36. a3 Kg5 37. Rc6 Rdb8 38. Rf1 Bd8 39. Rf5+ Kg6 40.
Rxe5 Rc8 41. Ree6 Rxc6 42. Rxc6 h5 43. Kxe3 hxg4 44. hxg4 Kg5 45. Kf3 Ba5 46.
Rc5+ Kg6 47. Rxa5 Rh8 48. Be1 Rh1 49. Bf2 Rb1 50. b4 Rb3 51. Ke4 Kf7 52. b5 Ke6
53. a4 Rb4+ 54. d4 Kd6 55. Bg3+ Kd7 56. Kd5 Kc8 57. Ra7 Kd8 58. Bc7+ Kc8 59. b6
f5 60. gxf5 Rb1 61. Be5 Rxb6 62. f6 Rb7 63. Rxb7 Kxb7 64. f7 Ka6 65. f8=Q Kb7
66. Qd6 Ka7 67. Qb4 Ka6 68. Kc6 Ka7 69. Qb7# 1-0

[Event "Michigan Open Reserve"]
[Site "Lansing, MI"]
[Date "2001.09.01"]
[Round "3.16"]
[White "Bailey, Dennis"]
[Black "Scioly, Tony"]
[Result "1/2-1/2"]
[WhiteElo "1268"]
[BlackElo "1533"]
[PlyCount "95"]
[EventDate "2001.08.31"]

1. d4 Nf6 2. Nf3 g6 3. Bf4 Bg7 4. h3 O-O 5. e3 d6 6. Be2 Nbd7 7. O-O c5 8. c3
b6 9. Nbd2 Bb7 10. Qb1 Nh5 11. Bh2 e5 12. dxe5 dxe5 13. Re1 Re8 14. e4 Nf4 15.
Bf1 Nf6 16. Qc2 Qc7 17. Rad1 Rad8 18. Kh1 Rd6 19. g3 N4h5 20. Bg2 b5 21. Nxe5
Nxe4 22. Ng4 f5 23. Nxe4 Rxd1 24. Qxd1 Bxe4 25. Bxe4 Rxe4 26. Rxe4 fxe4 27.
Qd5+ Qf7 28. Qd8+ Qf8 29. Qd5+ Qf7 30. Qxe4 Nf6 31. Nxf6+ Bxf6 32. a3 b4 33.
axb4 cxb4 34. cxb4 Bxb2 35. Kg2 Ba3 36. g4 Qf8 37. Qc4+ Qf7 38. Qc8+ Qf8 39.
Qe6+ Qf7 40. Qc8+ Qf8 41. Qxf8+ Kxf8 42. b5 Ke7 43. Kf3 Bd6 44. Bg1 Ke6 45. Ke4
Bc5 46. Kd3 Kd5 47. g5 Bb6 48. Kc3 1/2-1/2

[Event "Michigan Open Reserve"]
[Site "Lansing, MI"]
[Date "2001.09.01"]
[Round "3.5"]
[White "Ash, Richard"]
[Black "Matias, I.C."]
[Result "0-1"]
[WhiteElo "1781"]
[BlackElo "1606"]
[PlyCount "90"]
[EventDate "2001.08.31"]

1. e4 e5 2. Nf3 Nc6 3. d4 exd4 4. Nxd4 d6 5. Nc3 Nf6 6. Be2 Be7 7. Be3 O-O 8.
O-O Nxd4 9. Bxd4 c6 10. Bf3 Qc7 11. Qe2 Re8 12. Rad1 Nd7 13. Rfe1 Bf6 14. Qd3
Ne5 15. Bxe5 Bxe5 16. g3 Bh3 17. Bg2 Bxg2 18. Kxg2 Rad8 19. f4 Bf6 20. Qc4 Re7
21. Qd3 Bxc3 22. Qxc3 h6 23. h4 Rde8 24. Kf3 h5 25. Qd4 d5 26. e5 Qd7 27. Qxa7
f6 28. Qd4 fxe5 29. Rxe5 Qg4+ 30. Kg2 Rxe5 31. fxe5 Qe2+ 32. Kh3 Rxe5 33. Rd2
Qf1+ 34. Rg2 Re2 35. Qg1 Qxg1 36. Rxg1 Rxc2 37. Rg2 Rxg2 38. Kxg2 Kf7 39. Kf3
Kf6 40. Kf4 c5 41. b3 c4 42. b4 c3 43. Ke3 Ke5 44. a4 d4+ 45. Kd3 Kd5 0-1

[Event "Michigan Open Reserve"]
[Site "Lansing, MI"]
[Date "2001.09.01"]
[Round "3.9"]
[White "Aldrich, Justin"]
[Black "Nicolli, Randy"]
[Result "1-0"]
[WhiteElo "1525"]
[BlackElo "1706"]
[PlyCount "129"]
[EventDate "2001.08.31"]

1. e4 d6 2. Nf3 Nf6 3. Nc3 g6 4. Bc4 Bg7 5. O-O O-O 6. Re1 Bg4 7. h3 Bxf3 8.
Qxf3 Nc6 9. Qd1 Nd4 10. d3 Nd7 11. a3 Ne5 12. Ba2 Kh8 13. f4 Nd7 14. Ne2 f5 15.
c3 Nxe2+ 16. Qxe2 e5 17. fxe5 Bxe5 18. Bh6 Qh4 19. Bxf8 Rxf8 20. exf5 Qg3 21.
Qg4 Qh2+ 22. Kf1 Rxf5+ 23. Ke2 Bg3 24. Qd4+ Ne5 25. Bd5 Rf2+ 26. Kd1 c5 27. Qe3
Rf4 28. Qg1 Nxd3 29. Qxh2 Bxh2 30. Re8+ Kg7 31. Re7+ Kh6 32. Kc2 Ne5 33. Rd1 c4
34. Rxb7 Rf2+ 35. Rd2 Rf1 36. Rxa7 Bf4 37. Rd1 Rf2+ 38. Kb1 Nd3 39. Rb7 Nc5 40.
Rb5 Be5 41. Rc1 Nd3 42. Rd1 Nf4 43. Rb4 Nd3 44. Rb6 Nc5 45. Rg1 Na4 46. Rb4
Bxc3 47. Rxa4 Rxb2+ 48. Kc1 Ra2 49. Rd1 Bb2+ 50. Kb1 Ra1+ 51. Kc2 Rxa3 52. Rxa3
Bxa3 53. Bxc4 Bc5 54. Rb1 Kg5 55. Rb8 Bf2 56. Rb7 h5 57. Bd3 Kh6 58. Be4 Bg3
59. Kd3 h4 60. Kc4 Be5 61. Kd5 Kg5 62. Rh7 Bg3 63. Rg7 Kf4 64. Rxg6 Ke3 65.
Rxg3+ 1-0

[Event "Michigan Open"]
[Site "Lansing, MI"]
[Date "2001.09.01"]
[Round "3.16"]
[White "Aldrich, Jeff"]
[Black "McIntosh, Shawn"]
[Result "1-0"]
[WhiteElo "1900"]
[BlackElo "1845"]
[Annotator "Jeff Aldrich"]
[PlyCount "97"]
[EventDate "2001.08.31"]

{Nimzo-Indian: Rubinstein} 1. d4 e6 2. c4 Nf6 3. Nc3 Bb4 4. e3 c5 5. Bd3 Nc6 6.
a3 Bxc3+ 7. bxc3 d6 8. Ne2 e5 9. Qc2 ({Too worried about the e4 push. Better is
} 9. O-O e4 10. Bc2 {leaving the e-pawn weak.}) 9... O-O 10. O-O Qe8 11. f3 b6
12. Bd2 {Taking the long path to the king-side.} Ba6 13. Be1 h6 14. Bh4 g5 $6 {
Unnecessarily weakening the king-side and creating a huge hole at f5.} 15. Bf2
Na5 16. Ng3 {Going for the key square. Trying to the hold the c4 pawn is
futile.} Rd8 17. Nf5 h5 18. e4 Bxc4 19. Bxc4 Nxc4 20. h4 $1 {Opening up the
dark square for white's queen.} Nh7 21. hxg5 Nxg5 22. Bh4 f6 23. Bxg5 fxg5 24.
Qc1 {Getting the pawn back.} Kh7 25. Qxg5 Qg6 26. Qxg6+ Kxg6 27. Kf2 $6 (27. d5
{Gives the white knight a permanent home.}) 27... Rf7 ({Black should now play} 
27... d5 {trying to weaken the knight outpost.}) 28. d5 {OK, now I get it
right.} Nb2 29. Ke2 c4 30. Rh1 Kg5 $6 {DIAGRAM} 31. Rh2 $6 ({The immediate} 31.
g4 $1 {and black has to be careful about getting caught in a mating net.})
31... Na4 32. Kd2 Nc5 33. Rah1 Rh7 34. g4 {Another idea that I manage to find
a couple of moves later.} Kf4 35. Ke2 Na4 36. gxh5 Nxc3+ 37. Kf2 Nxe4+ {What
else?} 38. fxe4 Kxe4 39. Ne3 Rf8+ 40. Ke2 {Mate threats are swirling.} b5 41.
Rb1 Rf3 42. Rh4+ Rf4 43. Rh3 a6 44. a4 Rhf7 45. axb5 Rf2+ 46. Ke1 axb5 47. Rxb5
c3 $2 48. Rb4+ Kd3 {DIAGRAM} 49. Nf5+ $1 {Breaking communication between the
rooks and winning the exchange.} 1-0

[Event "Michigan Open"]
[Site "Lansing, MI"]
[Date "2001.09.02"]
[Round "4.47"]
[White "Zubatch, Steve"]
[Black "McCarter, Robert"]
[Result "1/2-1/2"]
[WhiteElo "1832"]
[BlackElo "1600"]
[PlyCount "56"]
[EventDate "2001.08.31"]

1. e4 c5 2. Nf3 Nc6 3. Nc3 g6 4. d4 cxd4 5. Nxd4 Bg7 6. Be3 Nf6 7. Be2 d6 8.
Qd2 Nxd4 9. Bxd4 O-O 10. O-O-O a6 11. h4 Qa5 12. f3 Be6 13. a3 Rfc8 14. g4 h5
15. gxh5 Nxh5 16. Bxg7 Kxg7 17. Rdg1 Qe5 18. Rg5 Qf4 19. Qxf4 Nxf4 20. Bf1 f6
21. Rgg1 Rh8 22. Ne2 Nxe2+ 23. Bxe2 Rh6 24. h5 Rah8 25. f4 Kf7 26. Rxg6 Rxg6
27. hxg6+ Kg7 28. Rxh8 Kxh8 1/2-1/2

[Event "Michigan Open Booster"]
[Site "Lansing, MI"]
[Date "2001.09.02"]
[Round "3.42"]
[White "Zaremba, Anatoli"]
[Black "Sobh, Tarek"]
[Result "0-1"]
[WhiteElo "1061"]
[BlackElo "1291"]
[PlyCount "47"]
[EventDate "2001.08.31"]

1. d4 f5 2. c4 c6 3. Nc3 d5 4. e3 Nf6 5. Bd3 e6 6. cxd5 cxd5 7. Nf3 Nc6 8. O-O
a6 9. Re1 Ne4 10. Ne5 Nxe5 11. dxe5 Be7 12. f4 Bh4 13. Rf1 g5 14. fxg5 Qxg5 15.
Nxe4 fxe4 16. Be2 h5 17. Qd4 Rg8 18. Bxh5+ Qxh5 19. Qd2 Bd7 20. b3 Qg5 21. Bb2
Bb5 22. Rfc1 Qg4 23. Rc2 Bd3 24. Rc7 0-1

[Event "Michigan Open Booster"]
[Site "Lansing, MI"]
[Date "2001.09.02"]
[Round "3.44"]
[White "Young, Josh"]
[Black "Mahaffy, Mike"]
[Result "0-1"]
[WhiteElo "794"]
[BlackElo "1137"]
[PlyCount "96"]
[EventDate "2001.08.31"]

1. d4 d5 2. e3 e6 3. Bd3 c5 4. c3 c4 5. Bc2 Nf6 6. Nd2 Nc6 7. f4 Nd7 8. Ngf3
Bd6 9. Ne5 Bxe5 10. fxe5 f6 11. O-O O-O 12. Qh5 g6 13. Qh6 fxe5 14. Bxg6 Rxf1+
15. Nxf1 Qe7 16. Bxh7+ Qxh7 17. Qg5+ Qg7 18. Qxg7+ Kxg7 19. Bd2 exd4 20. exd4
Nf6 21. Re1 Ne4 22. Re2 Nxd2 23. Nxd2 b5 24. b4 cxb3 25. axb3 Kf7 26. Rf2+ Ke7
27. h4 Bd7 28. h5 Rh8 29. g4 Be8 30. Rh2 b4 31. Nb1 bxc3 32. Nxc3 Nxd4 33. h6
Nf3+ 34. Kh1 Nxh2 35. Kxh2 Rxh6+ 36. Kg3 Rg6 37. Ne2 a5 38. Nc3 Kd6 39. Kh4 Kc5
40. Kh5 Kb4 41. g5 Kxc3 42. b4 axb4 43. Kh4 b3 44. Kh5 b2 45. Kh4 b1=Q 46. Kh5
Qg1 47. Kh4 Qxg5+ 48. Kh3 Rh6# 0-1

[Event "Michigan Open Reserve"]
[Site "Lansing, MI"]
[Date "2001.09.02"]
[Round "5.3"]
[White "Yang, Yinghan"]
[Black "Lynem, Charles"]
[Result "1-0"]
[WhiteElo "1759"]
[BlackElo "1585"]
[Annotator "Bob Ciaffone"]
[PlyCount "73"]
[EventDate "2001.08.31"]

{Sicilian: Open Both sides play the opening well. In the middlegame, black
commits his king to the center, then gives white the open lines he needs to
attack. White is more than willing to accept the invitation.} 1. e4 c5 2. Nf3
e6 3. d4 cxd4 4. Nxd4 d6 {Rare. Black invites white to play a Maroczy Bind
with 5.c4.} 5. Nc3 {White declines the Maroczy.} a6 6. Be3 Qc7 7. f3 {We now
have settled on the character of the opening. It is a Scheveningen Sicilian,
English Attack. Kasparov plays both sides of this successfully.} Nf6 8. Qd2 Be7
9. g4 h6 10. O-O-O b5 11. a3 Bb7 12. h4 Nbd7 {Both sides have played well, and
the position looks balanced.} 13. Kb1 Rc8 {Committal. Where is the black king
going, now that he cannot castle long?} 14. Rg1 $1 Ne5 15. g5 hxg5 16. hxg5
Nfd7 17. f4 Nc4 18. Bxc4 Qxc4 {DIAGRAM What should White play?} 19. g6 $1 {
This is what white wants; the g6 break. The next black move, letting white in
along the g-file, looks like a decisive error. Black could have put the bishop
on f6, or even the pawn.} Nf6 $6 20. gxf7+ Kxf7 21. Qg2 Bf8 22. Qg6+ Ke7 {The
error in black's defensive setup is now apparent. His king is vulnerable and
king-bishop passive.} 23. e5 $1 {The decisive breakthrough.} dxe5 24. fxe5 b4 {
Desperation by black, giving up a piece, but moving the knight lost
immediately.} 25. exf6+ gxf6 26. axb4 Qxb4 27. Ne4 Rh6 28. Bxh6 Bxh6 29. Qxf6+
Kd7 {It's over. White is up a rook, and still attacking.} 30. Qxe6+ Kc7 31.
Qe5+ Kb6 32. Rg6+ Ka7 33. Rxh6 Rb8 34. Rh7 Ka8 35. Qc7 a5 36. Nc6 Bxc6 37. Qa7#
1-0

[Event "Michigan Open Reserve"]
[Site "Lansing, MI"]
[Date "2001.09.02"]
[Round "4.17"]
[White "Wright, Eric"]
[Black "Moore, Martin"]
[Result "0-1"]
[WhiteElo "1448"]
[BlackElo "1554"]
[PlyCount "50"]
[EventDate "2001.08.31"]

1. d4 Nf6 2. Nf3 g6 3. g3 Bg7 4. Bg2 O-O 5. O-O d6 6. c4 c5 7. dxc5 dxc5 8. Ne5
Nfd7 9. Nd3 Qb6 10. Nc3 Bxc3 11. bxc3 Nc6 12. Bh6 Rd8 13. Bxc6 Qxc6 14. Ne5 Qc7
15. Nd3 Qc6 16. Qb3 Nb6 17. Qb5 Qe4 18. Qxc5 Bh3 19. f3 Qxe2 20. Nf4 Rac8 21.
Qxc8 Qe3+ 22. Rf2 Rxc8 23. Rd1 Nxc4 24. Kh1 Qxf2 25. Nxh3 Qxf3+ 0-1

[Event "Michigan Open"]
[Site "Lansing, MI"]
[Date "2001.09.02"]
[Round "5.19"]
[White "Williams, Ron"]
[Black "Spooner, Frank"]
[Result "1-0"]
[WhiteElo "1999"]
[BlackElo "1736"]
[PlyCount "113"]
[EventDate "2001.08.31"]

1. c4 Nf6 2. Nc3 e6 3. g3 Bb4 4. Bg2 O-O 5. Nf3 Bxc3 6. bxc3 d6 7. Qb3 Nbd7 8.
Ba3 Re8 9. O-O e5 10. Rab1 Ne4 11. Qc2 Nec5 12. d4 Ne6 13. Rfe1 Rb8 14. Rbd1
Qf6 15. e4 Nef8 16. Qa4 a6 17. d5 Rd8 18. Bc1 h6 19. Be3 Nb6 20. Bxb6 cxb6 21.
Qb4 Bg4 22. Re3 Nd7 23. h3 Bxf3 24. Bxf3 Rbc8 25. Rb1 Rc5 26. a4 Rdc8 27. Be2
a5 28. Qb3 R8c7 29. Qa3 b5 30. cxb5 b6 31. Bg4 Qe7 32. Bxd7 Qxd7 33. Kg2 Qc8
34. Rc1 Qd7 35. Qb3 g6 36. c4 Kg7 37. Rec3 f6 38. Qd1 Qc8 39. Qe2 Rf7 40. f4
Qf8 41. f5 g5 42. h4 Qd8 43. Qh5 Qh8 44. Qg6+ Kf8 45. hxg5 hxg5 46. Rh1 Qg7 47.
Qh5 Ke7 48. g4 Rc8 49. Kf2 Rff8 50. Qg6 Rf7 51. Rch3 Qf8 52. Rh7 Rxh7 53. Rxh7+
Kd8 54. Rg7 Rxc4 55. Rg8 Qxg8 56. Qxg8+ Ke7 57. Qe6+ 1-0

[Event "Michigan Open"]
[Site "Lansing, MI"]
[Date "2001.09.02"]
[Round "5.1"]
[White "Ward, Tom"]
[Black "Finegold, Ben"]
[Result "1/2-1/2"]
[WhiteElo "2210"]
[BlackElo "2635"]
[PlyCount "82"]
[EventDate "2001.08.31"]

1. e4 e5 2. Bc4 Nf6 3. d3 Bc5 4. Nf3 d6 5. O-O O-O 6. c3 Bb6 7. Bg5 c6 8. Bb3
Nbd7 9. Nbd2 Nc5 10. Bc2 Ne6 11. Bh4 Nf4 12. Nc4 Bc7 13. d4 Qe7 14. Re1 Ng6 15.
Bg3 Ng4 16. Qe2 Qf6 17. Qd2 Be6 18. Ne3 Nxe3 19. Qxe3 h6 20. a4 Rfe8 21. a5 a6
22. dxe5 dxe5 23. Nd2 Bb8 24. Qb6 h5 25. h4 Qe7 26. Nf3 Ba7 27. Qb4 Bc5 28. Qa4
Qf6 29. Ng5 Rad8 30. Rad1 Nf4 31. Nxe6 Rxe6 32. Rxd8+ Qxd8 33. Rd1 Ne2+ 34. Kh2
Qe7 35. Qc4 Nxg3 36. fxg3 Rg6 37. Rf1 Rg4 38. Kh3 Qd7 39. Kh2 Qe7 40. Kh3 Qd7
41. Kh2 Qe7 1/2-1/2

[Event "Michigan Open Booster"]
[Site "Lansing, MI"]
[Date "2001.09.02"]
[Round "4.14"]
[White "Walker, Justin"]
[Black "Welch, Eric"]
[Result "0-1"]
[WhiteElo "1372"]
[BlackElo "1079"]
[PlyCount "76"]
[EventDate "2001.08.31"]

1. e4 e5 2. g3 d5 3. Nc3 d4 4. Nce2 Nf6 5. d3 Be7 6. Nf3 Nc6 7. Bg2 Bg4 8. h3
Bxf3 9. Bxf3 Qd7 10. c3 Bc5 11. b4 Bb6 12. a3 dxc3 13. Nxc3 Bd4 14. Bb2 O-O-O
15. Qd2 a5 16. Nd5 Qd6 17. b5 Bxb2 18. Qxb2 Nd4 19. Bg2 b6 20. Rc1 Nxd5 21.
exd5 Kb8 22. a4 Qf6 23. f4 exf4 24. Qf2 Rhe8+ 25. Be4 fxg3 26. Qxf6 gxf6 27.
O-O Ne2+ 28. Kg2 Nxc1 29. Rxc1 f5 30. Bxf5 Rxd5 31. Bxh7 Rg5 32. Rc2 f5 33. h4
Rh5 34. Kxg3 Rxh7 35. Rf2 Re3+ 36. Rf3 Rxf3+ 37. Kxf3 Rxh4 38. Kg3 Rxa4 0-1

[Event "Michigan Open Reserve"]
[Site "Lansing, MI"]
[Date "2001.09.02"]
[Round "4.8"]
[White "Vorhauer, Sam"]
[Black "Steen, Harold"]
[Result "1/2-1/2"]
[WhiteElo "1392"]
[BlackElo "1602"]
[PlyCount "160"]
[EventDate "2001.08.31"]

1. d4 f5 2. Nf3 d6 3. e3 Nf6 4. Bd3 g6 5. b3 Bg7 6. Bb2 O-O 7. c4 Nc6 8. d5 Nb4
9. a3 Nxd3+ 10. Qxd3 e5 11. dxe6 Bxe6 12. Nbd2 Bd7 13. O-O Bc6 14. Bxf6 Qxf6
15. Rab1 b6 16. Qc2 a6 17. Rfe1 g5 18. Kh1 g4 19. Nd4 Bb7 20. Ne2 h5 21. Nf4 h4
22. Kg1 c6 23. Nh5 Qg5 24. Nxg7 Qxg7 25. b4 g3 26. fxg3 hxg3 27. h3 Rae8 28. c5
d5 29. Nf3 b5 30. Rbd1 Bc8 31. Qd2 Re4 32. Nd4 Bd7 33. Rf1 Qe5 34. Rde1 f4 35.
Nf3 Qf6 36. Nd4 Qh6 37. exf4 Rexf4 38. Rxf4 Qxf4 39. Qxf4 Rxf4 40. Nf3 Rc4 41.
Ne5 Rc3 42. Nxd7 Rxa3 43. Ne5 d4 44. Rd1 a5 45. bxa5 Rxa5 46. Nxc6 Ra4 47. Nxd4
Rc4 48. c6 b4 49. Kf1 b3 50. Nxb3 Rxc6 51. Ke2 Rf6 52. Rf1 Re6+ 53. Kd3 Rd6+
54. Nd4 Ra6 55. Rf3 Rg6 56. Rf4 Kh7 57. Ke3 Ra6 58. Rh4+ Kg6 59. Rg4+ Kh5 60.
Kf4 Ra5 61. Kxg3 Ra3+ 62. Nf3 Rb3 63. Rg5+ Kh6 64. h4 Ra3 65. Rf5 Kg6 66. Kg4
Ra4+ 67. Rf4 Ra2 68. g3 Ra3 69. Ne5+ Kh6 70. Rf3 Ra4+ 71. Kf5 Kh5 72. g4+ Kh6
73. Rf4 Ra5 74. g5+ Kh5 75. g6 Kh6 76. h5 Kxh5 77. g7 Ra8 78. Rf1 Kh6 79. Kf6
Ra6+ 80. Kf5 Kxg7 1/2-1/2

[Event "Michigan Open Booster"]
[Site "Lansing, MI"]
[Date "2001.09.02"]
[Round "4.11"]
[White "Tolek, Cuneyd"]
[Black "Droge-Germain, Kurtis"]
[Result "1-0"]
[WhiteElo "1103"]
[BlackElo "863"]
[PlyCount "57"]
[EventDate "2001.08.31"]

1. e4 e6 2. f4 Nf6 3. Nc3 Bb4 4. e5 Ne4 5. Nxe4 O-O 6. c3 Be7 7. d4 d5 8. Ng5
h6 9. N5h3 c5 10. Nf3 Nc6 11. Bd3 Qb6 12. Nhg5 hxg5 13. Nxg5 Bxg5 14. Qh5 f5
15. exf6 Rxf6 16. Qh7+ Kf8 17. fxg5 Rf5 18. Bxf5 exf5 19. Qh8+ Kf7 20. Qh5+ g6
21. Qh7+ Ke6 22. Qxg6+ Ke7 23. Qf6+ Ke8 24. O-O cxd4 25. Re1+ Kd7 26. Qxf5+ Kd8
27. Qxd5+ Bd7 28. Qg8+ Kc7 29. Bf4+ 1-0

[Event "Michigan Open"]
[Site "Lansing, MI"]
[Date "2001.09.02"]
[Round "5.21"]
[White "Thurman, John"]
[Black "Zubatch, Steve"]
[Result "0-1"]
[WhiteElo "1601"]
[BlackElo "1832"]
[PlyCount "87"]
[EventDate "2001.08.31"]

1. c4 Nf6 2. Nc3 g6 3. g3 Bg7 4. Bg2 O-O 5. d4 c6 6. e4 d6 7. Nf3 Nbd7 8. O-O
e5 9. dxe5 dxe5 10. Be3 Qe7 11. Qc2 h6 12. h3 b6 13. Rad1 Ba6 14. b3 Rac8 15.
Nd2 Nc5 16. f4 Rfd8 17. Ndb1 Bb7 18. Qf2 Nd3 19. Qf3 exf4 20. gxf4 c5 21. Nd5
Nxd5 22. cxd5 Nb4 23. a3 Nc2 24. Bf2 Nd4 25. Bxd4 Bxd4+ 26. Kh1 a5 27. a4 Rd6
28. Qg3 Kh7 29. Rfe1 Rg8 30. e5 Rxd5 31. Bxd5 Bxd5+ 32. Kh2 g5 33. f5 g4 34.
hxg4 h5 35. f6 Qe6 36. g5 Bf2 37. Qxf2 Rxg5 38. Rxd5 Qxd5 39. Qc2+ Kh8 40. Qe4
Qxb3 41. Qe3 Qc2+ 42. Re2 Qg6 43. Nc3 Rg4 44. Kh3 0-1

[Event "Michigan Open"]
[Site "Lansing, MI"]
[Date "2001.09.02"]
[Round "4.15"]
[White "Thurman, John"]
[Black "Morris, Jewell"]
[Result "0-1"]
[WhiteElo "1601"]
[BlackElo "1853"]
[PlyCount "92"]
[EventDate "2001.08.31"]

1. c4 c6 2. d4 d5 3. Nf3 Nf6 4. e3 e6 5. Nbd2 Nbd7 6. Bd3 Bd6 7. O-O O-O 8. Re1
e5 9. cxd5 Nxd5 10. dxe5 Nxe5 11. Nxe5 Bxe5 12. Qh5 Nf6 13. Bxh7+ Nxh7 14. Qxe5
Re8 15. Qc3 Qg5 16. Nf3 Qg6 17. Ne5 Qe4 18. Nc4 Qg6 19. Kh1 Nf6 20. f3 Kh7 21.
e4 Rh8 22. Ne5 Qh5 23. Bf4 Kg8 24. Re2 Qh4 25. g4 Nh5 26. gxh5 Qxf4 27. Rg1 Qf6
28. Reg2 Rh7 29. Rg5 Be6 30. b3 Rd8 31. Qe3 Kf8 32. Qc5+ Qe7 33. Qxe7+ Kxe7 34.
R5g3 Rxh5 35. f4 g6 36. Nd3 Rd4 37. Re3 Kf8 38. Rc1 Rh4 39. Kg1 Rh3 40. Rxh3
Bxh3 41. Nc5 b6 42. Na4 c5 43. Nc3 Rd2 44. Rd1 Rg2+ 45. Kh1 Rc2 46. Nb5 Rxa2
0-1

[Event "Michigan Open Reserve"]
[Site "Lansing, MI"]
[Date "2001.09.02"]
[Round "4.44"]
[White "Swathell, Gary"]
[Black "Foord, Allan"]
[Result "1-0"]
[WhiteElo "1570"]
[BlackElo "1500"]
[PlyCount "58"]
[EventDate "2001.08.31"]

1. Nf3 Nf6 2. c4 g6 3. g3 Bg7 4. Bg2 c5 5. O-O O-O 6. d4 cxd4 7. Nxd4 d5 8.
cxd5 Nxd5 9. Nc3 Nxc3 10. bxc3 a6 11. Rb1 Qc7 12. Qb3 Rd8 13. e3 Ra7 14. Ba3 e5
15. Ne2 Be6 16. Qc2 b5 17. Rbd1 Nd7 18. Bd6 Qc4 19. a3 Bf8 20. Bxe5 Bxa3 21.
Bd4 Rc7 22. Bb6 Nxb6 23. Rxd8+ Kg7 24. Rd4 Qb3 25. Qe4 Be7 26. Qe5+ Bf6 27.
Qxc7 Bxd4 28. Nxd4 Nd5 29. Nxe6+ Kf6 1-0

[Event "Michigan Open Reserve"]
[Site "Lansing, MI"]
[Date "2001.09.02"]
[Round "5.18"]
[White "Sundeen, David"]
[Black "Saylor, Oliver"]
[Result "1-0"]
[WhiteElo "1612"]
[BlackElo "1536"]
[PlyCount "105"]
[EventDate "2001.08.31"]

1. e4 e5 2. f4 exf4 3. Nf3 d6 4. d4 Nf6 5. Nc3 g6 6. Bc4 Be6 7. Bb5+ c6 8. Ba4
b5 9. Bb3 Bxb3 10. axb3 Bh6 11. O-O O-O 12. Qd3 Re8 13. e5 Nd5 14. Nxd5 cxd5
15. Qxb5 dxe5 16. Nxe5 Re6 17. Qb7 Rxe5 18. dxe5 Nd7 19. Rxa7 Rxa7 20. Qxa7 g5
21. Qd4 Bf8 22. Qxd5 Be7 23. e6 fxe6 24. Qxe6+ Kg7 25. Kh1 Nf8 26. Qg4 Qd4 27.
h4 h6 28. hxg5 hxg5 29. Rxf4 Qc5 30. Rf5 Qxc2 31. Bxg5 Qb1+ 32. Kh2 Bxg5 33.
Rxg5+ Ng6 34. Rxg6+ Qxg6 35. Qxg6+ Kxg6 36. Kg3 Kf5 37. b4 Ke5 38. b5 Kd5 39.
Kf4 Kc5 40. g4 Kxb5 41. g5 Kb4 42. g6 Kb3 43. g7 Kxb2 44. g8=Q Kc3 45. Qd5 Kb4
46. Qc6 Kb3 47. Qc5 Ka4 48. Qb6 Ka3 49. Qb5 Ka2 50. Qb4 Ka1 51. Ke3 Ka2 52. Kd3
Ka1 53. Kc3 {[Rated at 1. Black makes it easy, and White sees no need to
bother thinking about anything. It is rare to see one side lose all its pawns
by move 31, and to have no pawns at all on the board by move 44.]} 1-0

[Event "Michigan Open"]
[Site "Lansing, MI"]
[Date "2001.09.02"]
[Round "4.14"]
[White "Spooner, Frank"]
[Black "Vandivier, Don"]
[Result "1/2-1/2"]
[WhiteElo "1736"]
[BlackElo "1860"]
[PlyCount "120"]
[EventDate "2001.08.31"]

1. Nf3 c5 2. e3 Nc6 3. b3 d5 4. Bb2 a6 5. Be2 Qc7 6. c4 dxc4 7. Bxc4 b5 8. Be2
Bf5 9. d3 Rd8 10. a3 e5 11. Qc2 Nf6 12. e4 Bg4 13. O-O Bxf3 14. Bxf3 Nd4 15.
Bxd4 exd4 16. Nd2 Bd6 17. g3 O-O 18. Bg2 Rfe8 19. Rac1 Qa5 20. a4 Qb4 21. h3
Rc8 22. f4 Nh5 23. Kh2 f5 24. Bf3 Nxf4 25. exf5 Ne2 26. Ne4 Rxe4 27. Bxe4 Nxg3
28. Kg2 Nxe4 29. dxe4 c4 30. axb5 axb5 31. Rf3 Qc5 32. bxc4 bxc4 33. Kh1 Qe5
34. Qe2 Kf8 35. f6 g6 36. f7 Rc7 37. Qd2 Kg7 38. Rcf1 Qxe4 39. Qg2 Bf8 40. Kh2
d3 41. Qd2 Qe5+ 42. Kg2 Re7 43. R1f2 Qe1 44. Qf4 Qe5 45. Qxc4 d2 46. Qd3 Qg5+
47. Rg3 Qa5 48. Qd4+ Qe5 49. Qxe5+ Rxe5 50. Rxd2 Kxf7 51. Rd7+ Re7 52. Rf3+ Kg7
53. Rfd3 Kf6 54. R3d6+ Kf7 55. Rxe7+ Bxe7 56. Rd7 Ke6 57. Rb7 h5 58. Kf3 g5 59.
Ke4 Bd6 60. Rb6 g4 1/2-1/2

[Event "Michigan Open Booster"]
[Site "Lansing, MI"]
[Date "2001.09.02"]
[Round "4.10"]
[White "Sobh, Raed"]
[Black "Stapel, Scott"]
[Result "1-0"]
[WhiteElo "1103"]
[BlackElo "659"]
[PlyCount "61"]
[EventDate "2001.08.31"]

1. f4 b6 2. d4 Bb7 3. e3 d5 4. Bd3 e6 5. Nf3 Bd6 6. O-O Nf6 7. Bd2 Ng4 8. Ne5
Nxe5 9. fxe5 Be7 10. Qf3 Rf8 11. Nc3 Ba6 12. Bxa6 Nxa6 13. a3 Qd7 14. Qe2 Nb8
15. Qh5 Bd8 16. Rf4 h6 17. Raf1 Bf6 18. exf6 g6 19. Qxh6 Nc6 20. Qg5 O-O-O 21.
e4 Nxd4 22. exd5 e5 23. Qxe5 Nf5 24. Qe2 Kb7 25. Ra4 a5 26. b4 Qd6 27. Bf4 Qxf6
28. Qc4 Rd7 29. Ne4 Qh8 30. Qc6+ Kc8 31. Qa8# 1-0